Welcome to the Holygrace Academy Library

Please use search bar below to get started

TECHNIQUES OF TEACHING ENGLISH (Record no. 3963)

MARC details
000 -LEADER
fixed length control field 00318nam a22001337a 4500
020 ## - INTERNATIONAL STANDARD BOOK NUMBER
ISBN 81-87433-46-9
082 ## - DEWEY DECIMAL CLASSIFICATION NUMBER
Classification number 425
Item number KOH/T
100 ## - MAIN ENTRY--AUTHOR NAME
Personal name KOHLI,A.L
245 ## - TITLE STATEMENT
Title TECHNIQUES OF TEACHING ENGLISH
260 ## - PUBLICATION, DISTRIBUTION, ETC. (IMPRINT)
Place of publication NEW ELHI
Name of publisher DHANPAT RAI PUBLISHING COMPANY
300 ## - PHYSICAL DESCRIPTION
Number of Pages 378
650 ## - SUBJECT ADDED ENTRY--TOPICAL TERM
Topical Term VOCABULARY
Geographic subdivision NEW DELHI
942 ## - ADDED ENTRY ELEMENTS (KOHA)
Koha item type Books
Holdings
Withdrawn status Lost status Collection code Home library Current library Shelving location Date acquired Source of acquisition Full call number Accession Number Koha item type
    Reference Main Library Main Library SHELF-16D -ENGLISH GRAMMAR ,POEMS 10/10/2006 PURCHASE 425 KOH/T 03430 Books